| 000 | 00658nam a2200193 i 4500 | ||
|---|---|---|---|
| 001 | 188858 | ||
| 003 | ES-MaACL | ||
| 005 | 20250929063309.0 | ||
| 008 | 190219s1964 sp |||| | cat d | ||
| 100 | 1 |
_aVery, Pierre, _d1900-1960 _9114218 |
|
| 245 | 1 | 0 |
_aGoupi Mans-Roges / _cPierre Very ; [traducció de M. Aurèlia Capmany]. |
| 260 |
_aBarcelona : _bEdiciones 62, _c[1964] |
||
| 300 |
_a128 p. ; _c18 cm. |
||
| 490 | 1 |
_aCol·lecció "La Cua de Palla" ; _v16 |
|
| 700 | 1 |
_aCapmany, Maria Aurèlia, _d1918-1991 _934865 |
|
| 830 | 0 |
_aCol·lecció "La Cua de Palla" ; _v16 _9193174 |
|
| 852 |
_aES-MaACL _jP-507-Bis-15 |
||
| 999 |
_c188858 _d188858 |
||